000 00516nam a2200193Ia 4500
005 20250923145306.0
008 008 250917s9999 xx 000 0 eng d
037 _aTextual
040 _aDSWL
_beng
_cDSWL
041 _aeng
_2eng
084 _qDSWL
245 0 _aInternational Migration, 1945-1957
_cby International Labour Office
260 _aGeneva
_bInter. Lab. Office
_c1959
300 _axiv,414 p.
365 _aUSD
_b4 . 0
925 _g4 . 0
942 _cTEXL
999 _c1449565
_d1449565